000 00935 a2200445 4500
000 BKB
001 135977
005 20200902152940.0
008
010 _a
020 _a
082 _a362.1969792
_bS64I
100 1 _aSingh, Ramshankar
110 _a
245 1 _aAn introduction to HIV/AIDS
_cby Ramshankar Singh and Sunil Kumar
250 _a
260 _aJaipur
_bABD Publishers
_c2011
300 _a296p.
490 _a
_v
500 _a
600 _a
610 _a
611 _a
630 _a
650 _a
651 _a
654 _a
690 _aAIDS (Disease)-Prevention; AIDS (Disease)-Risk factors; HIV infections
700 _aSunil Kumar
_b
_c
710 _a
_b
_c
711 _a
720 _a
730 _a
740 _a
752 _a
856 _a
_d
_f
904 _a
964 _a
_b
_c
_d
_e
_f
_g
965 _a
999 _c9263
_d9263